Statistics for Wheel Of Fortune Puzzle: Country Capitals

Click here to take the quiz!

General Stats

  • This quiz has been taken 224 times
  • The average score is 42 of 45

Answers on the Map

Answers color-coded by a green-red scale on the quiz's map according to % correct below.
 

Answer Stats

Letter% Correct
A
98%
A
98%
A
98%
A
98%
A
98%
E
98%
E
98%
E
98%
S
98%
S
98%
T
98%
T
98%
T
98%
T
98%
R
97%
L
96%
L
96%
L
96%
H
95%
H
95%
N
95%
N
95%
P
93%
C
91%
C
91%
C
91%
F
90%
F
90%
F
90%
O
90%
O
90%
O
90%
O
90%
I
89%
I
89%
I
89%
I
89%
I
89%
I
89%
B
88%
M
88%
U
84%
U
84%
D
82%
J
77%

Score Distribution

Percentile by Number Answered

Percent of People with Each Score

Your Score History

You have not taken this quiz